Migration and socioeconomic change: a 2001 census analysis of Britain's larger cities (Record no. 106862)
[ view plain ]
| 000 -LEADER | |
|---|---|
| fixed length control field | 01272cad a22002295a 4500 |
| 001 - CONTROL NUMBER | |
| control field | L137645 |
| 008 - FIXED-LENGTH DATA ELEMENTS--GENERAL INFORMATION | |
| fixed length control field | 110623s2007 xxkd f s 000 0 eng d |
| 035 ## - SYSTEM CONTROL NUMBER | |
| System control number | (Sirsi) u137645 |
| 041 0# - LANGUAGE CODE | |
| Language code of text/sound track or separate title | eng |
| 050 04 - LIBRARY OF CONGRESS CALL NUMBER | |
| Classification number | 306.8 $2 18 |
| 110 2# - MAIN ENTRY--CORPORATE NAME | |
| Corporate name or jurisdiction name as entry element | Joseph Rowntree Foundation |
| 9 (RLIN) | 2318 |
| 245 00 - TITLE STATEMENT | |
| Title | Migration and socioeconomic change: a 2001 census analysis of Britain's larger cities |
| 260 ## - PUBLICATION, DISTRIBUTION, ETC. | |
| Place of publication, distribution, etc. | York |
| Name of publisher, distributor, etc. | JRF |
| Date of publication, distribution, etc. | 2007 |
| 490 #0 - SERIES STATEMENT | |
| Series statement | JRF Findings |
| Volume/sequential designation | (2051) April 2007 |
| 520 ## - SUMMARY, ETC. | |
| Summary, etc. | Summarises findings of a study by Newcastle University into population movements within British cities. It examines population movements within the 27 largest cities during the year prior to the 2001 census. Greater detail is examined within three city areas. A lower rate of loss is noted than in the latter part of the 20th century. However many of these cities are continuing to lose people. Outside of London most cities were unsuccessful in attracting the key professional and managerial groups. |
| 590 ## - LOCAL NOTE (RLIN) | |
| Local note | KA |
| 650 24 - SUBJECT ADDED ENTRY--TOPICAL TERM | |
| Topical term or geographic name entry element | CENSUS 2001 |
| 651 #4 - SUBJECT ADDED ENTRY--GEOGRAPHIC NAME | |
| Geographic name | United Kingdom |
| Chronological subdivision | |
| 690 ## - LOCAL SUBJECT ADDED ENTRY--TOPICAL TERM (OCLC, RLIN) | |
| Topical term or geographic name as entry element | PROPERTY-RESIDENTIAL PROPERTY-RESIDENTIAL PROPERTY MARKET |
| 856 40 - ELECTRONIC LOCATION AND ACCESS | |
| Uniform Resource Identifier | <a href="https://www.jrf.org.uk/sites/files/jrf/2030-population-census-deprivation.pdf">https://www.jrf.org.uk/sites/files/jrf/2030-population-census-deprivation.pdf</a> |
| Public note | View the item free of charge at www.jrf.org.uk |
| 942 ## - ADDED ENTRY ELEMENTS (KOHA) | |
| Suppress in OPAC | 0 |
| Withdrawn status | Lost status | Source of classification or shelving scheme | Damaged status | Not for loan | Home library | Current library | Shelving location | Date acquired | Total Checkouts | Full call number | Barcode | Date last seen | Copy number | Price effective from | Koha item type |
|---|---|---|---|---|---|---|---|---|---|---|---|---|---|---|---|
| Dewey Decimal Classification | Virtual | Virtual | Online | 23/04/2007 | ONLINE PUBLICATION | 137645-1001 | 06/08/2019 | 1 | 06/08/2019 | Journal article |